000 00788nam a2200217Ia 4500
999 _c41365
_d41365
003 GCL
005 20240530103635.0
008 140319s9999 xx 000 0 ara d
040 _aGCL /
_cGCL
082 0 4 _a928.1
_bث ى
100 1 _aمفيد محمد قميحة
245 1 0 _aيتيمة الدهر فى محاسن اهل العصر /
_cمفيد محمد قميحة
260 _aالقاهرة :
_bالشركة الشرقية للمطبوعات ،
_c1983
300 _a8 مج ؛
_c24 سم
490 _aكتاب
_v0
650 0 4 _aالشعر العربى
650 0 4 _aالادب العربى
650 0 4 _aالشعراء - تراجم
700 1 _aالثعالبى : ابومنصور عبدالملك بن محمد بن اسماعيل النيسابورى
942 _2ddc
_cBK